000 00825nam a22001935i 4500
001 160764
003 ES-MaACL
005 20230906212125.0
008 041015s1885 sw a |||| | swe d
040 _aCAM
_bspa
_cCAM
100 1 _aNordenström, G.
_9130522
245 1 0 _aOm bergshandteringen i Spanien /
_caf G. Nordenström.
260 _aStockholm :
_bTryckt Hos K.L. Beckman,
_c1885.
300 _a166 p., [1] h. pleg., [16] h. pleg. de lám. ;
_c23 cm.
594 _aPrecede al tit.: "Internationela Utställnin..., III, Teknisk Redogörelse fran Svenska Kommissariatet"
650 4 _aMinería-
_zEspaña.
_9141625
752 _aSuecia -
_dEstocolmo
852 _aES-MaACL
_jB-7465
_z-- Enc. hol.
_z-- Legado de Federico de Botella y de Hornos
_z-- La etiqueta que indica el legado tapa parte del "precede al tit."
999 _c160764
_d160764